00301nam a2200109Ia 4500008004100000041000800041082001600049100001800065245004500083260003900128300002400167240624s9999 xx 000 0 und d aeng a332.041 DAL aDAMANIA SUNIL aMID CAP 250 COMPENDIUM ON INDIA S BEST M c2007aMumbaibRamdeo Media Pvt Ltd a332 : p. : cm. ; 27